[Event "Canada int. ch U2100"]
[Site "Longueuil CAN"]
[Date "2019.10.12"]
[Round "2.23"]
[White "Omichi, Haruaki"]
[Black "Mercure, Gilbert"]
[Result "0-1"]
[WhiteElo "1557"]
[BlackElo "1748"]
[PlyCount "144"]
[EventDate "2019.10.11"]
[EventType "swiss"]
[EventRounds "5"]
[EventCountry "CAN"]

1. e4 d5 2. exd5 Nf6 3. d4 Bg4 4. Be2 Bxe2 5. Nxe2 Qxd5 6. O-O Nc6 7. b3 O-O-O
8. c4 Qh5 9. Bb2 e6 10. Nd2 Bd6 11. Nf3 g5 12. d5 Qg6 13. Qc1 exd5 14. cxd5 Nb4
15. Qxg5 Nbxd5 16. Rfd1 Rhg8 17. Qxg6 Rxg6 18. Ne5 Bxe5 19. Bxe5 Re8 20. Bxf6
Rxe2 21. Bh4 c6 22. Rac1 Kd7 23. a3 f5 24. Re1 Rge6 25. f3 Nf4 26. Rcd1+ Kc8
27. Rxe2 Rxe2 28. Rd8+ Kc7 29. Rg8 Nd3 30. Rg7+ Kc8 31. Rg8+ Kc7 32. Rg7+ Kb6
33. Rxh7 Rb2 34. Bd8+ Ka6 35. h4 Rxb3 36. Rf7 Rb5 37. g4 Rb1+ 38. Kg2 Rb2+ 39.
Kh3 Nf4+ 40. Kg3 Ne2+ 41. Kh3 f4 42. g5 Rb1 43. Kg4 Rg1+ 44. Kf5 Nd4+ 45. Ke4
c5 46. Rf6+ Kb5 47. Kxf4 c4 48. Ke3 Nc6 49. Rxc6 Kxc6 50. Bf6 Kd5 51. h5 Ke6
52. Kd4 b5 53. h6 Rh1 54. Kc5 Rxh6 55. Bd4 Rh4 56. Bc3 a6 57. a4 bxa4 58. Kb4
Kd5 59. g6 Ke6 60. Kxa4 Rh3 61. Kb4 Rxf3 62. Kxc4 Rg3 63. g7 Kf7 64. Bb2 a5 65.
Bc3 a4 66. Be5 Re3 67. Bd4 Re4 68. Kd3 Rg4 69. Bc3 Rg2 70. Kc4 a3 71. Ba1 Rb2
72. Kd3 Rb1 0-1

[Event "Canada int. ch U2100"]
[Site "Longueuil CAN"]
[Date "2019.10.12"]
[Round "2.24"]
[White "Mendoza, Armand Jess"]
[Black "Baran, Marius"]
[Result "1-0"]
[WhiteElo "1743"]
[BlackElo "1640"]
[PlyCount "135"]
[EventDate "2019.10.11"]
[EventType "swiss"]
[EventRounds "5"]
[EventCountry "CAN"]

1. e4 d5 2. exd5 Nf6 3. c4 e6 4. dxe6 Bxe6 5. Nc3 Bb4 6. Nf3 Qe7 7. Qe2 O-O 8.
d3 Re8 9. Be3 c5 10. h3 Nc6 11. a3 Ba5 12. g4 Qd6 13. Bg2 Rad8 14. O-O Nd4 15.
Qd1 Bc7 16. Bxd4 cxd4 17. Nb5 Qb6 18. Nxc7 Qxc7 19. Re1 h6 20. Qa4 Nd7 21. Nxd4
Nc5 22. Nxe6 fxe6 23. Qc2 Nxd3 24. Re3 Nf4 25. Rae1 Rd4 26. Re4 Red8 27. Rxd4
Rxd4 28. Re4 e5 29. b3 Nxg2 30. Kxg2 Qc6 31. f3 Qd6 32. Re2 b6 33. Qf5 Qxa3 34.
Rxe5 Rd2+ 35. Kg3 Qd6 36. Qe6+ Qxe6 37. Rxe6 Kf7 38. Re3 a5 39. f4 g6 40. Kf3
Rd4 41. Rc3 Ke6 42. Ke3 Rd1 43. Ke4 Ra1 44. Rf3 Ra3 45. f5+ gxf5+ 46. gxf5+ Kf6
47. Rd3 Ke7 48. Rf3 a4 49. bxa4 Rxa4 50. Kd5 Kf6 51. Rb3 Kxf5 52. Rxb6 h5 53.
Rb3 Kf6 54. Re3 Ra8 55. c5 Rd8+ 56. Kc6 Rd1 57. Kb7 Rb1+ 58. Kc7 Rc1 59. c6 Rc2
60. Kd7 Rd2+ 61. Kc8 Rc2 62. c7 Rc4 63. Kd7 Rd4+ 64. Kc6 Rc4+ 65. Kd6 Rc2 66.
Rf3+ Kg7 67. Rd3 Kf8 68. Kd7 1-0

[Event "Canada int. ch U2100"]
[Site "Longueuil CAN"]
[Date "2019.10.12"]
[Round "2.25"]
[White "Qiao, Joey"]
[Black "Latorre, Vincent"]
[Result "1-0"]
[WhiteElo "1526"]
[BlackElo "1722"]
[PlyCount "109"]
[EventDate "2019.10.11"]
[EventType "swiss"]
[EventRounds "5"]
[EventCountry "CAN"]

1. e4 c5 2. Nf3 d6 3. Bb5+ Bd7 4. Bxd7+ Qxd7 5. O-O Nc6 6. c3 e6 7. d4 cxd4 8.
cxd4 Nf6 9. Nc3 d5 10. e5 Ne4 11. Ne2 Be7 12. Ne1 f5 13. f3 Ng5 14. Bxg5 Bxg5
15. f4 Be7 16. Nd3 Rc8 17. Rc1 b6 18. Qd2 h6 19. Rc2 O-O 20. Rfc1 Kh7 21. b4 a6
22. a3 Rg8 23. Rc3 g5 24. Qc2 Na7 25. Rc7 Rxc7 26. Qxc7 Qxc7 27. Rxc7 Nc8 28.
Rc6 g4 29. Rxe6 Rg6 30. Rxg6 Kxg6 31. Nc3 Kf7 32. Nxd5 Ke6 33. Nxe7 Nxe7 34.
Kf2 Kd5 35. Ke3 Nc6 36. b5 axb5 37. Nb4+ Nxb4 38. axb4 h5 39. g3 Ke6 40. d5+
Kxd5 41. Kd3 Ke6 42. Kd4 Ke7 43. Kd5 Kd7 44. e6+ Ke7 45. Ke5 Ke8 46. Kd6 Kd8
47. Ke5 Ke8 48. Kxf5 Ke7 49. Ke5 Kf8 50. f5 Ke8 51. f6 Kf8 52. Kd6 Ke8 53. f7+
Kf8 54. e7+ Kxf7 55. Kd7 1-0

[Event "Canada int. ch U2100"]
[Site "Longueuil CAN"]
[Date "2019.10.12"]
[Round "2.26"]
[White "Ramesh, Sanjay"]
[Black "Landstrom, William"]
[Result "1-0"]
[WhiteElo "1641"]
[BlackElo "1550"]
[PlyCount "83"]
[EventDate "2019.10.11"]
[EventType "swiss"]
[EventRounds "5"]
[EventCountry "CAN"]

1. d4 d6 2. c4 Nf6 3. Nf3 Nbd7 4. Nc3 e5 5. e3 Be7 6. Be2 O-O 7. O-O c6 8. b3
Qc7 9. Bb2 Re8 10. Rc1 b6 11. Qc2 Bf8 12. Rfd1 Bb7 13. b4 a6 14. Qb3 a5 15. b5
c5 16. dxe5 Nxe5 17. Nd5 Nxf3+ 18. Bxf3 Bxd5 19. Bxd5 Nxd5 20. Rxd5 Re6 21. a4
Rg6 22. f3 Re8 23. e4 Rge6 24. Rcd1 f6 25. Qd3 Qf7 26. Bc3 h6 27. Be1 Re5 28.
Bg3 Rxd5 29. Qxd5 Qxd5 30. Rxd5 Re6 31. h4 Kf7 32. h5 Ke8 33. Kf2 Kd7 34. Ke3
Kc7 35. Bh2 Re8 36. Bf4 Kd7 37. Bh2 Kc7 38. Kf4 Re5 39. Rxe5 fxe5+ 40. Kf5 Be7
41. Ke6 Bf6 42. f4 1-0

[Event "Canada int. ch U2100"]
[Site "Longueuil CAN"]
[Date "2019.10.12"]
[Round "3.1"]
[White "Rabin, Evan"]
[Black "Steinberg, Ellis"]
[Result "0-1"]
[WhiteElo "2044"]
[BlackElo "1769"]
[PlyCount "126"]
[EventDate "2019.10.11"]
[EventType "swiss"]
[EventRounds "5"]
[EventCountry "CAN"]

1. e4 g6 2. d4 d6 3. Nc3 c6 4. f4 d5 5. e5 h5 6. Nf3 Nh6 7. Be2 Bf5 8. O-O e6
9. h3 Be7 10. Be3 Nd7 11. Qd2 b5 12. Ng5 Kf8 13. Nd1 Kg7 14. Bf2 a5 15. Bh4 f6
16. Nf3 fxe5 17. Bxe7 Qxe7 18. fxe5 b4 19. Ne3 c5 20. c4 bxc3 21. bxc3 c4 22.
Qe1 Rhg8 23. Nh4 Be4 24. Qg3 Kh7 25. Nf3 Bxf3 26. Bxf3 Nf5 27. Nxf5 gxf5 28.
Qf4 Qf7 29. Rab1 Rab8 30. Qh4 Kh6 31. Kh2 Qg6 32. Qe7 Rg7 33. Qd6 Rxb1 34. Rxb1
f4 35. Rf1 Rf7 36. Bxd5 exd5 37. Qxg6+ Kxg6 38. e6 Re7 39. exd7 Rxd7 40. Rxf4
Re7 41. Rf8 Re3 42. Rd8 Rxc3 43. Rd6+ Kf5 44. Rxd5+ Ke4 45. Rxa5 Kxd4 46. Rxh5
Ra3 47. Rh8 c3 48. Rc8 Kd3 49. g4 c2 50. Rxc2 Kxc2 51. g5 Kd2 52. h4 Ke2 53.
Kg2 Ke3 54. Kg3 Ke4+ 55. Kg4 Ke5 56. Kh5 Ra6 57. g6 Kf5 58. g7 Rg6 59. a4 Rxg7
60. Kh6 Kf6 61. h5 Kf7 62. a5 Kg8 63. a6 Ra7 0-1

[Event "Canada int. ch U2100"]
[Site "Longueuil CAN"]
[Date "2019.10.12"]
[Round "3.2"]
[White "Caen, Andy"]
[Black "Libersan, Thierry"]
[Result "1-0"]
[WhiteElo "1719"]
[BlackElo "1986"]
[PlyCount "63"]
[EventDate "2019.10.11"]
[EventType "swiss"]
[EventRounds "5"]
[EventCountry "CAN"]

1. e4 c5 2. Nf3 e6 3. d4 cxd4 4. Nxd4 a6 5. Be3 b5 6. a4 b4 7. a5 Bb7 8. Bd3
Nf6 9. Nd2 d5 10. e5 Nfd7 11. Nxe6 Qc8 12. Nxf8 Nxe5 13. Nb3 Kxf8 14. Bc5+ Kg8
15. Bxb4 Nbc6 16. Bc3 Nxd3+ 17. Qxd3 Qg4 18. O-O d4 19. f3 Qg5 20. Nxd4 Rd8 21.
Rfe1 h6 22. Kh1 Ne7 23. Ne6 fxe6 24. Qxd8+ Kh7 25. Qd3+ Nf5 26. Rxe6 Rd8 27.
Qe2 Qh5 28. Qf2 Rd7 29. Rae1 Rf7 30. Kg1 Nh4 31. R1e5 g5 32. g4 1-0

[Event "Canada int. ch U2100"]
[Site "Longueuil CAN"]
[Date "2019.10.12"]
[Round "3.3"]
[White "Eckert, Ethan"]
[Black "Ehab, Mohamed"]
[Result "0-1"]
[WhiteElo "1676"]
[BlackElo "1950"]
[PlyCount "62"]
[EventDate "2019.10.11"]
[EventType "swiss"]
[EventRounds "5"]
[EventCountry "CAN"]

1. e4 e6 2. d4 d5 3. exd5 exd5 4. Nf3 Bg4 5. c4 Nf6 6. Be3 Bb4+ 7. Nc3 O-O 8.
Be2 dxc4 9. Bxc4 Nd5 10. Qb3 Nxe3 11. fxe3 Bxf3 12. gxf3 Qh4+ 13. Ke2 Bxc3 14.
bxc3 Nd7 15. Rag1 Nb6 16. Bd3 Rae8 17. Rg4 Qh6 18. f4 Kh8 19. Qb1 Qh5 20. h3 f5
21. Kd2 fxg4 22. hxg4 Qd5 23. Bxh7 Nc4+ 24. Kc2 Qg2+ 25. Kd3 Nb2+ 26. Qxb2 Qxb2
27. Be4+ Kg8 28. Bd5+ Rf7 29. g5 c6 30. Bb3 Qg2 31. g6 Qxg6+ 0-1

[Event "Canada int. ch U2100"]
[Site "Longueuil CAN"]
[Date "2019.10.12"]
[Round "3.4"]
[White "Forget, Luc"]
[Black "Gil, Bernardo"]
[Result "1/2-1/2"]
[WhiteElo "1868"]
[BlackElo "1654"]
[PlyCount "59"]
[EventDate "2019.10.11"]
[EventType "swiss"]
[EventRounds "5"]
[EventCountry "CAN"]

1. d4 Nf6 2. Nf3 g6 3. g3 Bg7 4. Bg2 d6 5. O-O Bd7 6. c4 Qc8 7. Re1 O-O 8. Nc3
Bh3 9. Bh1 Bg4 10. Bg5 Nbd7 11. Qd2 e5 12. e4 Bxf3 13. Bxf3 exd4 14. Bxf6 Nxf6
15. Qxd4 Re8 16. Rad1 Nxe4 17. Qd3 Nxc3 18. Rxe8+ Qxe8 19. bxc3 Rb8 20. Kg2 Qe5
21. Rc1 b6 22. Rc2 Qf6 23. Bd5 Re8 24. Bf3 Re5 25. Bd5 Kf8 26. Rc1 Qe7 27. Rc2
a5 28. Rc1 Re2 29. a4 Re5 30. Rc2 1/2-1/2

[Event "Canada int. ch U2100"]
[Site "Longueuil CAN"]
[Date "2019.10.12"]
[Round "3.5"]
[White "Gorunovich, Anna"]
[Black "Morin-Pare, Victor"]
[Result "0-1"]
[WhiteElo "1897"]
[BlackElo "1732"]
[PlyCount "71"]
[EventDate "2019.10.11"]
[EventType "swiss"]
[EventRounds "5"]
[EventCountry "CAN"]

1. e4 c6 2. d4 d5 3. Nc3 dxe4 4. Nxe4 Nf6 5. Nxf6+ exf6 6. Nf3 Bd6 7. Be2 O-O
8. O-O Be6 9. c3 Re8 10. Qc2 Qc7 11. Be3 Nd7 12. a3 Rad8 13. Rad1 Bd5 14. h3 b5
15. Nd2 Nb6 16. Bd3 g6 17. c4 bxc4 18. Nxc4 Bh2+ 19. Kh1 Bf4 20. Bxf4 Qxf4 21.
Ne3 f5 22. Nxd5 cxd5 23. Qc1 Qd6 24. Qc5 Qf4 25. Qc1 Qh4 26. Kg1 Rc8 27. Qb1
Rc7 28. Bb5 Re4 29. Qd3 Nc4 30. Bxc4 Rxc4 31. Qb3 Qe7 32. Qb8+ Kg7 33. b3 Rcxd4
34. Rxd4 Rxd4 35. Rc1 Rd2 36. Kf1 0-1

[Event "Canada int. ch U2100"]
[Site "Longueuil CAN"]
[Date "2019.10.12"]
[Round "3.6"]
[White "Dube, Daniel"]
[Black "Richard, Leo"]
[Result "0-1"]
[WhiteElo "1662"]
[BlackElo "1790"]
[PlyCount "98"]
[EventDate "2019.10.11"]
[EventType "swiss"]
[EventRounds "5"]
[EventCountry "CAN"]

1. e4 c5 2. Nf3 Nc6 3. d4 cxd4 4. Nxd4 Nf6 5. Nc3 e5 6. Ndb5 d6 7. Bg5 a6 8.
Na3 b5 9. Bxf6 gxf6 10. Nd5 f5 11. Bxb5 axb5 12. Nxb5 Ra4 13. Nbc7+ Kd7 14. O-O
Rg8 15. Qh5 Qg5 16. Qxg5 Rxg5 17. Nb6+ Kxc7 18. Nxa4 fxe4 19. Rfe1 f5 20. c3
Ne7 21. b4 Ng6 22. b5 Nh4 23. Kf1 Rxg2 24. Re3 Rxh2 25. Kg1 Rg2+ 26. Kf1 Be6
27. Nb2 f4 28. Rxe4 Rh2 29. Nd1 Rh1+ 30. Ke2 Bg4+ 31. Kd2 Nf3+ 32. Kc1 Rxd1+
33. Kxd1 Ng5+ 34. Re2 Ne4 35. Rc1 Nxf2+ 36. Kd2 e4 37. Rxf2 e3+ 38. Ke1 exf2+
39. Kxf2 d5 40. a4 Bc5+ 41. Kg2 f3+ 42. Kg3 h5 43. a5 f2 44. b6+ Kb7 45. Rb1
Be2 46. Kg2 f1=Q+ 47. Rxf1 Bxf1+ 48. Kxf1 Bxb6 49. axb6 Kxb6 0-1

[Event "Canada int. ch U2100"]
[Site "Longueuil CAN"]
[Date "2019.10.12"]
[Round "3.7"]
[White "Hua, Michelle"]
[Black "Gauthier, Denis"]
[Result "1-0"]
[WhiteElo "1646"]
[BlackElo "1770"]
[PlyCount "153"]
[EventDate "2019.10.11"]
[EventType "swiss"]
[EventRounds "5"]
[EventCountry "CAN"]

1. c4 e5 2. g3 Nc6 3. Nc3 f5 4. Nf3 Nf6 5. d4 e4 6. Nh4 d6 7. Bh3 g6 8. O-O Bg7
9. f3 O-O 10. fxe4 fxe4 11. Bg2 Bg4 12. Be3 Qe7 13. Qd2 Rae8 14. a3 Na5 15. Qc2
Nxc4 16. Bg5 Qe6 17. Nb5 Qd5 18. Nxc7 Qxd4+ 19. Kh1 Rc8 20. Nb5 Qd5 21. Bxf6
Bxf6 22. Qxe4 Qxe4 23. Bxe4 a6 24. Bd5+ Kg7 25. Bxc4 axb5 26. Bxb5 Rc2 27. Rac1
Rfc8 28. Rxc2 Rxc2 29. Nf3 Rxb2 30. a4 Bf5 31. Rd1 Rb1 32. Rxb1 Bxb1 33. Kg2
Bc3 34. Kf2 Kf6 35. Ke3 Bb4 36. Nd2 Bc5+ 37. Kf3 Ba2 38. Ne4+ Ke5 39. Nxc5 dxc5
40. Ke3 b6 41. h4 h6 42. Be8 g5 43. Kd3 gxh4 44. gxh4 Bd5 45. e3 Bb7 46. Bb5
Bg2 47. Be8 Bf1+ 48. Kd2 Kf5 49. Bd7+ Ke4 50. Bc6+ Ke5 51. Be8 Bc4 52. Kc3 Bd5
53. Kd3 Be6 54. Kd2 Kf5 55. h5 Kg5 56. Kd3 Bd5 57. Bg6 Bc6 58. Kc4 Bxa4 59. e4
Bc6 60. e5 Bd7 61. Kd5 c4 62. Kxc4 Be6+ 63. Kd4 Kf4 64. Bd3 Bf7 65. Bg6 Bb3 66.
Be8 Be6 67. Bb5 Bf7 68. Be2 Kg5 69. Ke4 Be6 70. Kd4 Kf4 71. Bb5 Kf5 72. Be8 Kg5
73. Ke4 Ba2 74. Ke3 Bc4 75. Kd4 Be6 76. Ke4 Bg8 77. Ke3 1-0

[Event "Canada int. ch U2100"]
[Site "Longueuil CAN"]
[Date "2019.10.12"]
[Round "3.9"]
[White "Mercure, Gilbert"]
[Black "Tinica, Gabriel"]
[Result "0-1"]
[WhiteElo "1748"]
[BlackElo "1935"]
[PlyCount "72"]
[EventDate "2019.10.11"]
[EventType "swiss"]
[EventRounds "5"]
[EventCountry "CAN"]

1. e4 c5 2. Nf3 Nc6 3. d4 cxd4 4. c3 d3 5. Bxd3 g6 6. e5 Bg7 7. Bf4 h5 8. O-O
Nh6 9. Re1 b6 10. Bc4 Bb7 11. Na3 a6 12. Qe2 Na5 13. Bd3 Bxf3 14. Qxf3 O-O 15.
Rad1 Nc6 16. Be4 Rc8 17. Bc2 Ng4 18. Nc4 b5 19. h3 Nxf2 20. Qxf2 bxc4 21. Qd2
Qb6+ 22. Kh1 Qxb2 23. Rb1 Qa3 24. Bh6 Qa5 25. Bxg7 Kxg7 26. Rb7 Nxe5 27. Qd4 f6
28. Qe4 Rc7 29. Rb4 Qc5 30. Rd1 Qc6 31. Rd5 Qe6 32. a4 Nd3 33. Bxd3 cxd3 34.
Qxd3 Qe1+ 35. Kh2 Rxc3 36. Qe4 Qg3+ 0-1

[Event "Canada int. ch U2100"]
[Site "Longueuil CAN"]
[Date "2019.10.12"]
[Round "3.11"]
[White "Marcouiller, David"]
[Black "Guipi Bopala, Prince Eric jr"]
[Result "1/2-1/2"]
[WhiteElo "1846"]
[BlackElo "1651"]
[PlyCount "101"]
[EventDate "2019.10.11"]
[EventType "swiss"]
[EventRounds "5"]
[EventCountry "CAN"]

1. c4 e6 2. d4 d5 3. Nc3 c6 4. e4 dxe4 5. Nxe4 Bb4+ 6. Nc3 Nf6 7. a3 Bxc3+ 8.
bxc3 O-O 9. Bd3 c5 10. Nf3 Nc6 11. O-O Kh8 12. Bg5 cxd4 13. Qc2 h6 14. Bh4 e5
15. Rfe1 Re8 16. Bxf6 Qxf6 17. Nxd4 Bd7 18. Nb5 Rec8 19. c5 Ne7 20. Nd6 Rc7 21.
Re3 Bc6 22. Rxe5 b6 23. Bc4 Rf8 24. Rae1 bxc5 25. Nf5 Qg6 26. g3 Nxf5 27. Qxf5
Qxf5 28. Rxf5 Re8 29. Rxe8+ Bxe8 30. Bd5 Kg8 31. c4 Bc6 32. Kg2 Bxd5+ 33. Rxd5
Rc6 34. Rd8+ Kh7 35. Rd7 Ra6 36. Rxf7 Rxa3 37. Rc7 a5 38. Rxc5 Rc3 39. Rxa5
Rxc4 40. h4 g6 41. h5 gxh5 42. Rxh5 Kg6 43. Re5 Kf6 44. f4 Rc3 45. Kh3 Kg6 46.
Kh4 Rc6 47. f5+ Kf6 48. Re6+ Rxe6 49. fxe6 Kxe6 50. Kh5 Kf5 51. g4+ 1/2-1/2

[Event "Canada int. ch U2100"]
[Site "Longueuil CAN"]
[Date "2019.10.12"]
[Round "3.12"]
[White "Nica, Ion"]
[Black "Couture, Jonathan"]
[Result "0-1"]
[WhiteElo "1706"]
[BlackElo "1832"]
[PlyCount "64"]
[EventDate "2019.10.11"]
[EventType "swiss"]
[EventRounds "5"]
[EventCountry "CAN"]

1. b3 g6 2. Bb2 Nf6 3. Nc3 Bg7 4. d4 d5 5. Qd2 Nc6 6. O-O-O a6 7. f3 h5 8. Kb1
Bh6 9. e3 b5 10. Qf2 O-O 11. h4 Bf5 12. Bd3 Qd7 13. Nge2 Rae8 14. Bxf5 Qxf5 15.
Rdf1 Qd7 16. Ng3 e5 17. dxe5 b4 18. Nd1 Nxe5 19. Qe2 c5 20. f4 Neg4 21. Bxf6
Nxf6 22. f5 Bg7 23. Qxa6 Ra8 24. Qe2 Qd6 25. Rf3 Qe5 26. c3 bxc3 27. Qc2 d4 28.
e4 Rfb8 29. fxg6 fxg6 30. Nf2 c4 31. Rc1 cxb3 32. axb3 Qa5 0-1

[Event "Canada int. ch U2100"]
[Site "Longueuil CAN"]
[Date "2019.10.12"]
[Round "3.13"]
[White "Dube, Dominic"]
[Black "Ramesh, Sanjay"]
[Result "0-1"]
[WhiteElo "1823"]
[BlackElo "1641"]
[PlyCount "65"]
[EventDate "2019.10.11"]
[EventType "swiss"]
[EventRounds "5"]
[EventCountry "CAN"]

1. e4 c6 2. Nf3 d5 3. exd5 cxd5 4. d4 Nc6 5. Bb5 Bg4 6. Be3 e6 7. Nbd2 Bd6 8.
c4 Nge7 9. Rc1 O-O 10. cxd5 exd5 11. O-O a6 12. Be2 Re8 13. Nb3 Nf5 14. h3 Bxf3
15. Bxf3 Nxe3 16. fxe3 Qg5 17. Qd2 Qg3 18. Bxd5 Qh2+ 19. Kf2 Re7 20. Bxc6 bxc6
21. Ke1 Rae8 22. Rxc6 Rxe3+ 23. Kd1 Bf4 24. Qf2 g5 25. Rc2 Rd8 26. Re2 Rxe2 27.
Qxe2 Qg3 28. Rf3 Qh4 29. Qxa6 Re8 30. Qa5 Qh6 31. Qf5 Qd6 32. g3 Qe7 33. Qg4
0-1

[Event "Canada int. ch U2100"]
[Site "Longueuil CAN"]
[Date "2019.10.12"]
[Round "3.14"]
[White "Jensen-Lynch, Jonathan"]
[Black "Orozco, Joey"]
[Result "0-1"]
[WhiteElo "1661"]
[BlackElo "1802"]
[PlyCount "62"]
[EventDate "2019.10.11"]
[EventType "swiss"]
[EventRounds "5"]
[EventCountry "CAN"]

1. d4 Nf6 2. Bf4 c5 3. e3 e6 4. Nc3 a6 5. a4 d5 6. Nf3 Nc6 7. Be2 Be7 8. Ne5
Qb6 9. Nxc6 Qxc6 10. h4 O-O 11. g4 cxd4 12. Qxd4 Bc5 13. Qe5 d4 14. O-O-O dxc3
15. b3 Nd7 16. Qxc3 Ba3+ 17. Kd2 Qxc3+ 18. Kxc3 Be7 19. Bf3 Nf6 20. g5 Nd5+ 21.
Bxd5 exd5 22. Rxd5 Be6 23. Re5 Rac8+ 24. Kb2 Rfd8 25. e4 Bd6 26. Rxe6 fxe6 27.
Be3 Be5+ 28. Kc1 Rc6 29. c4 b5 30. axb5 axb5 31. c5 Rd3 0-1

[Event "Canada int. ch U2100"]
[Site "Longueuil CAN"]
[Date "2019.10.12"]
[Round "3.15"]
[White "Beaudry, Marc-Andre"]
[Black "Hernandez, Juan Felipe"]
[Result "1-0"]
[WhiteElo "1793"]
[BlackElo "1621"]
[PlyCount "93"]
[EventDate "2019.10.11"]
[EventType "swiss"]
[EventRounds "5"]
[EventCountry "CAN"]

1. e4 e6 2. d4 d5 3. e5 c5 4. c3 Qb6 5. Nf3 Nc6 6. a3 c4 7. Nbd2 Na5 8. g3 Bd7
9. Bg2 Ne7 10. O-O f5 11. exf6 gxf6 12. Re1 O-O-O 13. Rb1 h5 14. Nh4 Bh6 15.
Ndf3 Bxc1 16. Qxc1 Qd6 17. Re2 Nf5 18. Nxf5 exf5 19. Qf4 Qxf4 20. gxf4 Rhg8 21.
h3 Rde8 22. Rbe1 Kc7 23. Rxe8 Rxe8 24. Rxe8 Bxe8 25. Nh4 Bf7 26. Nxf5 Nb3 27.
h4 Nc1 28. Ne3 Kc6 29. Kf1 Nd3 30. Nxc4 b5 31. Na5+ Kb6 32. b4 Nxf4 33. Bf3 Bg6
34. Ke1 Kc7 35. Kd2 Kd6 36. Nb7+ Kc6 37. Nc5 Bf5 38. Ke3 Ng6 39. Bxh5 Nxh4 40.
Be8+ Kb6 41. Kf4 Bc8 42. Nd7+ Bxd7 43. Bxd7 a5 44. Kg4 axb4 45. axb4 Ng2 46.
Kf5 Nh4+ 47. Kxf6 1-0

[Event "Canada int. ch U2100"]
[Site "Longueuil CAN"]
[Date "2019.10.12"]
[Round "3.17"]
[White "Laroche, Hugo"]
[Black "Craciun, David"]
[Result "1/2-1/2"]
[WhiteElo "1641"]
[BlackElo "1785"]
[PlyCount "159"]
[EventDate "2019.10.11"]
[EventType "swiss"]
[EventRounds "5"]
[EventCountry "CAN"]

1. d4 d5 2. Bf4 Nf6 3. Nf3 c5 4. e3 Nc6 5. c3 Qb6 6. Qb3 c4 7. Qc2 Bf5 8. Qc1
h6 9. h3 e6 10. Nbd2 Qa5 11. a4 Ne4 12. Be2 Be7 13. O-O f6 14. Nxe4 Bxe4 15.
Nd2 Bg6 16. b3 e5 17. b4 Qc7 18. Bg3 Bd6 19. Qd1 O-O 20. Bf3 Ne7 21. Rc1 a5 22.
b5 Ba3 23. Ra1 Bb2 24. Ra2 Bxc3 25. Nb1 Bxb1 26. Qxb1 Rad8 27. Rd1 Qd7 28. dxe5
Bxe5 29. Bxe5 fxe5 30. Rad2 Qe6 31. Qc2 b6 32. Rc1 Nf5 33. Bxd5 Rxd5 34. Rxd5
Nxe3 35. fxe3 Qxd5 36. Qxc4 Qxc4 37. Rxc4 Rf6 38. Re4 Re6 39. Kf2 Kf7 40. Rc4
e4 41. Kg3 Kf6 42. Rd4 Ke5 43. h4 Rg6+ 44. Kf2 Rd6 45. Rc4 Rd2+ 46. Kg3 Re2 47.
Rc3 Kd5 48. Ra3 Rd2 49. Ra1 Re2 50. Ra3 Kc4 51. Kf4 Rxg2 52. Kxe4 Rg4+ 53. Ke5
Rxh4 54. e4 Rg4 55. Kf5 Rg5+ 56. Ke6 Kd4 57. Kd6 Rg6+ 58. Kc7 Kc4 59. Ra1 Kb4
60. Rc1 Kxa4 61. Rc6 Rg5 62. Rxb6 Re5 63. Rb8 Re7+ 64. Kc6 Rxe4 65. b6 Rc4+ 66.
Kb7 Kb3 67. Rc8 Rb4 68. Kc7 a4 69. b7 a3 70. Rg8 a2 71. b8=Q Rxb8 72. Rxb8+ Kc2
73. Ra8 Kb2 74. Rb8+ Ka1 75. Kd6 h5 76. Ke5 h4 77. Kf4 g5+ 78. Kg4 h3 79. Kxh3
g4+ 80. Kxg4 1/2-1/2

[Event "Canada int. ch U2100"]
[Site "Longueuil CAN"]
[Date "2019.10.12"]
[Round "3.18"]
[White "Wang, Rachel"]
[Black "Mathieu, Guillaume"]
[Result "1-0"]
[WhiteElo "1480"]
[BlackElo "1782"]
[PlyCount "120"]
[EventDate "2019.10.11"]
[EventType "swiss"]
[EventRounds "5"]
[EventCountry "CAN"]

1. d4 Nf6 2. c4 g6 3. Nc3 Bg7 4. e4 d6 5. Nf3 O-O 6. Be2 e5 7. O-O Nc6 8. d5
Ne7 9. Ne1 Ne8 10. Be3 f5 11. f3 f4 12. Bf2 h5 13. Rc1 g5 14. c5 Rf6 15. Qc2 g4
16. cxd6 cxd6 17. Nb5 g3 18. hxg3 fxg3 19. Bxg3 Bd7 20. Nc7 Rc8 21. Nxe8 Rxc2
22. Nxf6+ Bxf6 23. Rxc2 h4 24. Bh2 Ng6 25. Nd3 Bg5 26. f4 exf4 27. Nxf4 Ne5 28.
Kh1 Qb6 29. Ne6 Nf7 30. Bh5 Bxe6 31. dxe6 Nd8 32. Bf7+ Kf8 33. e5 d5 34. Bg1
Qb5 35. Bc5+ Kg7 36. Kg1 Nc6 37. Rf5 Bd8 38. Be8 Qd3 39. Rcf2 Nd4 40. Rf7+ Kg8
41. Bxd4 Qd1+ 42. Kh2 Qxd4 43. Rf8+ Kg7 44. R2f7+ Kh6 45. Rh8+ Kg5 46. Rg7+ Kf5
47. Rh5+ Kf4 48. e7 Bxe7 49. Rxe7 Ke3 50. Rf7 Qg4 51. Rf3+ Kd2 52. Rhf5 Qe4 53.
Rf1 Qg4 54. R5f2+ Ke3 55. Rf3+ Kd2 56. Bb5 d4 57. Bd3 Qg5 58. R1f2+ Kc1 59.
Rc2+ Kb1 60. b3 Qxe5+ 1-0

[Event "Canada int. ch U2100"]
[Site "Longueuil CAN"]
[Date "2019.10.12"]
[Round "3.19"]
[White "Simard, Francois"]
[Black "Wang, Isabelle"]
[Result "0-1"]
[WhiteElo "1773"]
[BlackElo "1431"]
[PlyCount "64"]
[EventDate "2019.10.11"]
[EventType "swiss"]
[EventRounds "5"]
[EventCountry "CAN"]

1. d4 d5 2. c4 e6 3. Nc3 Nf6 4. Bg5 Be7 5. Nf3 O-O 6. e3 h6 7. Bh4 b6 8. Rc1
Bb7 9. Bd3 c5 10. O-O Nbd7 11. cxd5 exd5 12. dxc5 bxc5 13. Qe2 Nh5 14. Bxe7
Qxe7 15. Rfd1 Nhf6 16. Ba6 Nb6 17. Bxb7 Qxb7 18. Qb5 Qe7 19. Na4 Nxa4 20. Qxa4
Rac8 21. Nd2 Rc7 22. Nb3 Rfc8 23. Rc2 Qe4 24. Qxe4 dxe4 25. Rc4 Rd7 26. Rdc1
Rcd8 27. Kf1 Rd1+ 28. Ke2 R1d7 29. Rxc5 Kf8 30. Rc8 Ke7 31. Nd4 Rxc8 32. Nf5+
Kd8 0-1

[Event "Canada int. ch U2100"]
[Site "Longueuil CAN"]
[Date "2019.10.12"]
[Round "3.20"]
[White "Adam, Rafael"]
[Black "Kapush, Oleksandr"]
[Result "0-1"]
[WhiteElo "1394"]
[BlackElo "1971"]
[PlyCount "64"]
[EventDate "2019.10.11"]
[EventType "swiss"]
[EventRounds "5"]
[EventCountry "CAN"]

1. d4 Nf6 2. Bg5 Ne4 3. Bf4 c5 4. e3 d6 5. Nd2 Nf6 6. c3 cxd4 7. cxd4 g6 8.
Ngf3 Bg7 9. h3 O-O 10. Bd3 Nc6 11. Qe2 Nb4 12. Bb1 b6 13. a3 Ba6 14. Qd1 Nd3+
15. Bxd3 Bxd3 16. Nb1 Ba6 17. Nc3 Qd7 18. Ne2 Qb5 19. Nc3 Qxb2 20. Qc1 Qb3 21.
Nd2 Qe6 22. Bh2 Rac8 23. Qb2 Qf5 24. Rc1 Qd3 25. Nb3 Ne4 26. Nxe4 Rxc1+ 27.
Nxc1 Qxe4 28. Rg1 Rc8 29. Kd2 e5 30. dxe5 dxe5 31. Bg3 Qd5+ 32. Ke1 e4 0-1

[Event "Canada int. ch U2100"]
[Site "Longueuil CAN"]
[Date "2019.10.12"]
[Round "3.21"]
[White "Jacobsen, Henrik"]
[Black "Yan, Alex Jikai"]
[Result "0-1"]
[WhiteElo "1945"]
[BlackElo "1607"]
[PlyCount "86"]
[EventDate "2019.10.11"]
[EventType "swiss"]
[EventRounds "5"]
[EventCountry "CAN"]

1. d4 d5 2. Nf3 Nf6 3. Bf4 Bf5 4. e3 Nbd7 5. Bd3 Bg6 6. h3 e6 7. Nbd2 Bd6 8.
Ne5 Bxd3 9. cxd3 O-O 10. Rc1 Qe7 11. O-O c5 12. Nxd7 Nxd7 13. Bxd6 Qxd6 14. Nb3
cxd4 15. Nxd4 Rac8 16. Qb3 Nc5 17. Qa3 Qa6 18. Qxa6 Nxa6 19. Nb5 Nb4 20. Nd6
Rb8 21. Rc7 Nxd3 22. b3 Rfd8 23. Nxf7 Rdc8 24. Rxc8+ Rxc8 25. Ng5 e5 26. Rd1
Rc1 27. Rxc1 Nxc1 28. Ne6 Nxa2 29. Nd8 Nc1 30. Nxb7 Nxb3 31. Kf1 a5 32. Nd6 Kf8
33. Ke2 Ke7 34. Nb5 Kd7 35. Kd1 Kc6 36. Na3 Nc5 37. Kc2 Na6 38. f3 Kc5 39. Kc3
a4 40. Nc2 Nc7 41. g4 g5 42. Ne1 Nb5+ 43. Kb2 Kc4 0-1